[Event "Irkutsk Baykal op"]
[Site "Irkutsk"]
[Date "2014.06.14"]
[Round "8"]
[White "Ergeshov, Timur"]
[Black "Besedin, Anatoly"]
[Result "0-1"]
[WhiteElo "1967"]
[BlackElo "2018"]
[PlyCount "118"]
[EventDate "2014.06.07"]
[EventType "swiss"]
[EventRounds "9"]
[EventCountry "RUS"]
[SourceTitle "CBM 161 Extra"]
[Source "ChessBase"]
[SourceDate "2014.08.29"]
[SourceVersion "1"]
[SourceVersionDate "2014.08.29"]
[SourceQuality "1"]

1. d4 Nf6 2. Nf3 d5 3. c4 c6 4. Nc3 e6 5. e3 dxc4 6. Bxc4 b5 7. Bd3 a6 8. e4 c5 9. d5 b4 10. dxe6 Bxe6 11. e5 c4 12. Be2 Qxd1+ 13. Nxd1 Nfd7 14. Bf4 Nc6 15. 0-0 h6 16. h4 Be7 17. Rc1 g5 18. hxg5 hxg5 19. Bxg5 Ndxe5 20. Bxe7 Kxe7 21. Ne3 Nxf3+ 22. Bxf3 Nd4 23. Bd1 Rac8 24. Re1 Kd6 25. Nc2 Nxc2 26. Rxc2 c3 27. bxc3 Rxc3 28. Rd2+ Kc7 29. Rd4 Rd8 30. Rde4 Bxa2 31. Rxb4 Rc1 32. Re7+ Kd6 33. Ra7 Kc5 34. Ra4 Rdxd1+ 35. Kh2 Bc4 36. Rc7+ Kb5 37. Ra3 Kb4 38. Re3 Rh1+ 39. Kg3 Rc3 40. Rb7+ Bb5 41. Rxc3 Kxc3 42. Rxf7 a5 43. Rb7 Kb4 44. f4 a4 45. f5 a3 46. Ra7 Bc4 47. Kf4 Rf1+ 48. Kg5 a2 49. g4 Kc5 50. Kg6 Kd6 51. f6 a1Q 52. Rxa1 Rxa1 53. g5 Rg1 54. Kh6 Bf7 55. Kg7 Ke6 56. Kf8 Bg6 57. Kg7 Rxg5 58. Kh6 Rf5 59. f7 Rxf7 0-1

[Event "Irkutsk-ch"]
[Site "Irkutsk"]
[Date "2014.02.27"]
[Round "9"]
[White "Kopylov, Oleg"]
[Black "Besedin, Anatoly"]
[Result "0-1"]
[WhiteElo "1952"]
[BlackElo "2029"]
[PlyCount "64"]
[EventDate "2014.02.02"]
[EventType "swiss"]
[EventRounds "9"]
[EventCountry "RUS"]
[SourceTitle "CBM 159 Extra"]
[Source "ChessBase"]
[SourceDate "2014.04.24"]
[SourceVersion "1"]
[SourceVersionDate "2014.04.24"]
[SourceQuality "1"]

1. d4 Nf6 2. c4 e6 3. Nc3 Bb4 4. Qc2 b6 5. Nf3 Bb7 6. a3 Bxc3+ 7. Qxc3 Ne4 8. Qc2 f5 9. g3 Qf6 10. Bg2 Nc6 11. Be3 0-0 12. 0-0 d6 13. Rad1 Rad8 14. d5 Ne5 15. dxe6 Qxe6 16. b3 Nxf3+ 17. Bxf3 Qg6 18. Bf4 Qf6 19. h4 h6 20. h5 Ba8 21. Rd3 Ng5 22. Bxa8 Rxa8 23. Kg2 Rae8 24. Bc1 Re6 25. e3 Ne4 26. Rh1 Qg5 27. Rh4 Qd8 28. Rf4 Qa8 29. f3 Ng5 30. Rd5 Re5 31. Qd3 Ne6 32. Rxf5 Rfxf5 0-1

[Event "Irkutsk Baykal op"]
[Site "Irkutsk"]
[Date "2013.06.09"]
[Round "9"]
[White "Besedin, Anatoly"]
[Black "Grekhneva, Alena"]
[Result "1-0"]
[WhiteElo "2035"]
[BlackElo "1669"]
[PlyCount "53"]
[EventDate "2013.06.01"]
[EventType "swiss"]
[EventRounds "9"]
[EventCountry "RUS"]
[SourceTitle "CBM 155 Extra"]
[Source "ChessBase"]
[SourceDate "2013.08.26"]
[SourceVersion "1"]
[SourceVersionDate "2013.08.26"]
[SourceQuality "1"]

1. f4 d5 2. Nf3 Nf6 3. g3 e6 4. Bg2 c5 5. 0-0 Nc6 6. d3 Bd6 7. Nc3 0-0 8. e4 dxe4 9. dxe4 Bc7 10. Be3 b6 11. h3 Bb7 12. g4 e5 13. f5 Nd4 14. Bg5 Ba6 15. Rf2 Qd6 16. Rd2 Rad8 17. Qe1 h6 18. Be3 Nxf3+ 19. Bxf3 Qc6 20. h4 Rxd2 21. Bxd2 Rd8 22. g5 hxg5 23. hxg5 Ne8 24. Nd5 Bd6 25. Qh4 Rd7 26. Kg2 Nc7 27. Rh1 1-0

[Event "Irkutsk Ermolaev Memorial 5th"]
[Site "Irkutsk"]
[Date "2011.08.09"]
[Round "4"]
[White "Mufazalov, Egor"]
[Black "Besedin, Anatoly"]
[Result "1/2-1/2"]
[WhiteElo "1734"]
[BlackElo "2067"]
[PlyCount "59"]
[EventDate "2011.08.06"]
[EventType "swiss"]
[EventRounds "9"]
[EventCountry "RUS"]
[SourceTitle "CBM 144 Extra"]
[Source "ChessBase"]
[SourceDate "2011.10.28"]
[SourceVersion "1"]
[SourceVersionDate "2011.10.28"]
[SourceQuality "1"]

1. e4 d6 2. d4 g6 3. Nc3 Bg7 4. Be3 Nf6 5. f3 0-0 6. Qd2 Re8 7. g4 Nc6 8. h4 h5 9. gxh5 Nxh5 10. Nge2 e5 11. d5 Nd4 12. Nxd4 Ng3 13. Ne6 fxe6 14. Rg1 Nxf1 15. Kxf1 Qxh4 16. Rxg6 Kf7 17. Qg2 Qh7 18. Rg3 Rh8 19. Ke2 Bd7 20. Rg1 Bf6 21. Bg5 Bxg5 22. Rxg5 Rag8 23. Rxg8 Rxg8 24. Qf2 Rxg1 25. Qxg1 b6 26. b3 exd5 27. Nxd5 c6 28. Ne3 Qh5 29. Qg2 Be6 30. c4 1/2-1/2

[Event "Irkutsk-ch op"]
[Site "Irkutsk"]
[Date "2011.04.24"]
[Round "9"]
[White "Kopylov, Oleg"]
[Black "Besedin, Anatoly"]
[Result "0-1"]
[WhiteElo "1992"]
[BlackElo "2067"]
[PlyCount "120"]
[EventDate "2011.04.16"]
[EventType "swiss"]
[EventRounds "9"]
[EventCountry "RUS"]
[SourceTitle "EXT 2013"]
[Source "ChessBase"]
[SourceDate "2012.11.22"]
[SourceVersion "1"]
[SourceVersionDate "2012.11.22"]
[SourceQuality "1"]

1. e4 e5 2. Nf3 d6 3. d4 exd4 4. Nxd4 Nf6 5. Nc3 Be7 6. Be2 0-0 7. 0-0 Bd7 8. f4 Nc6 9. Bf3 Nxd4 10. Qxd4 c5 11. Qd3 Bc6 12. e5 dxe5 13. Qxd8 Rfxd8 14. Bxc6 bxc6 15. fxe5 Nd5 16. Nxd5 Rxd5 17. Re1 Rad8 18. c4 Rd4 19. b3 Kf8 20. Be3 Re4 21. Bf2 Rxe1+ 22. Bxe1 Rd4 23. Bc3 Rd3 24. Rc1 Bg5 25. Rc2 Ke7 26. Kf2 Ke6 27. g3 h5 28. Ba5 g6 29. Re2 h4 30. gxh4 Bxh4+ 31. Kg2 Bg5 32. Kf2 Bf4 33. Bc7 Bxh2 34. Bd6 a6 35. Bxc5 Bxe5 36. b4 Kf5 37. Rc2 Kf4 38. a4 Rb3 39. b5 cxb5 40. cxb5 axb5 41. a5 Rb1 42. a6 Ra1 43. a7 Ke4 44. Bb6 Bd4+ 45. Bxd4 Kxd4 46. Rc7 f6 47. Kf3 Ra4 48. Rf7 Ke5 49. Rb7 f5 50. Rxb5+ Kf6 51. Rb7 Ra3+ 52. Kf2 Kg5 53. Ke2 f4 54. Rf7 Kg4 55. Kd2 g5 56. Kc2 Kf3 57. Rd7 Ra6 58. Rd3+ Ke4 59. Rd7 g4 60. Rg7 g3 0-1

[Event "Anapa op"]
[Site "Anapa"]
[Date "2009.09.08"]
[Round "9"]
[White "Besedin, Anatoly"]
[Black "Natacheev, Peter"]
[Result "0-1"]
[WhiteElo "2097"]
[BlackElo "2191"]
[PlyCount "84"]
[EventDate "2009.08.31"]
[EventType "swiss"]
[EventRounds "9"]
[EventCountry "RUS"]
[SourceTitle "CBM 132 Extra"]
[Source "ChessBase"]
[SourceDate "2009.11.03"]
[SourceVersion "1"]
[SourceVersionDate "2009.11.03"]
[SourceQuality "1"]

1. e4 c5 2. Nc3 Nc6 3. g3 g6 4. Bg2 Bg7 5. Nge2 e6 6. f4 d6 7. 0-0 Nge7 8. d3 a6 9. a4 d5 10. e5 h5 11. h3 Nf5 12. Bd2 b6 13. Qe1 Bb7 14. Nd1 Qd7 15. Ne3 Nxe3 16. Bxe3 Nb4 17. Qd1 d4 18. Bxb7 Qxb7 19. Bd2 Nd5 20. c3 dxc3 21. Nxc3 Nxc3 22. Bxc3 Rd8 23. Qf3 Qxf3 24. Rxf3 Rd5 25. Re1 Kd7 26. Kf2 Kc6 27. g4 hxg4 28. hxg4 b5 29. axb5+ axb5 30. Ra1 b4 31. Bd2 Rh2+ 32. Ke3 g5 33. d4 gxf4+ 34. Rxf4 Bh6 35. Kf3 Bxf4 36. Bxf4 Rxb2 37. dxc5 Rb3+ 38. Ke4 Rxc5 39. Be3 Rc4+ 40. Bd4 Ra3 41. Rf1 Rg3 42. Rf4 b3 0-1

[Event "Anapa op"]
[Site "Anapa"]
[Date "2009.09.07"]
[Round "8"]
[White "Yarysh, Grigorij"]
[Black "Besedin, Anatoly"]
[Result "1-0"]
[WhiteElo "2251"]
[BlackElo "2097"]
[PlyCount "51"]
[EventDate "2009.08.31"]
[EventType "swiss"]
[EventRounds "9"]
[EventCountry "RUS"]
[SourceTitle "CBM 132 Extra"]
[Source "ChessBase"]
[SourceDate "2009.11.03"]
[SourceVersion "1"]
[SourceVersionDate "2009.11.03"]
[SourceQuality "1"]

1. e4 c5 2. c3 d5 3. exd5 Qxd5 4. d4 cxd4 5. cxd4 Nc6 6. Nf3 Bg4 7. Be2 e6 8. Nc3 Bb4 9. 0-0 Qd7 10. Be3 Nge7 11. h3 Bh5 12. a3 Bd6 13. b4 0-0 14. b5 Na5 15. Ne4 Nd5 16. Ne5 Bxe5 17. dxe5 Bxe2 18. Qxe2 Nxe3 19. Qxe3 Qxb5 20. Nd6 Qd7 21. Rad1 Nc6 22. f4 Qe7 23. Qb3 Rab8 24. Rf3 f6 25. Nf5 Qf7 26. Nd6 1-0

[Event "Anapa op"]
[Site "Anapa"]
[Date "2009.09.06"]
[Round "7"]
[White "Besedin, Anatoly"]
[Black "Krepysheva, Ksenia"]
[Result "1-0"]
[WhiteElo "2097"]
[BlackElo "1815"]
[PlyCount "119"]
[EventDate "2009.08.31"]
[EventType "swiss"]
[EventRounds "9"]
[EventCountry "RUS"]
[SourceTitle "CBM 132 Extra"]
[Source "ChessBase"]
[SourceDate "2009.11.03"]
[SourceVersion "1"]
[SourceVersionDate "2009.11.03"]
[SourceQuality "1"]

1. e4 d5 2. exd5 Qxd5 3. Nc3 Qa5 4. Bc4 Nf6 5. Nf3 Bg4 6. Qe2 e6 7. h3 Bh5 8. d4 Nc6 9. Bb5 a6 10. Bxc6+ bxc6 11. Bd2 Qb6 12. b3 Rd8 13. Na4 Qa7 14. 0-0-0 Ba3+ 15. Kb1 Rxd4 16. Be3 Rxd1+ 17. Rxd1 c5 18. Qc4 0-0 19. Nxc5 Qa8 20. Qa4 Bxf3 21. gxf3 Qxf3 22. Rg1 Bxc5 23. Bxc5 Ra8 24. Qd4 g6 25. Ba3 Ne4 26. Bb2 f6 27. Re1 Ng5 28. h4 e5 29. Qc4+ Nf7 30. a4 Qxf2 31. Rf1 Qb6 32. Rd1 Re8 33. Rd7 Qe6 34. Qxc7 e4 35. Bd4 f5 36. Bb2 e3 37. Qc3 Ne5 38. Rc7 e2 39. h5 Rd8 40. Ka2 Rd1 41. hxg6 hxg6 42. Qh3 Nf7 43. Qc3 Qe5 44. Rc8+ Kg7 45. Rc7 Qxc3 46. Bxc3+ Kg8 47. Re7 f4 48. Rxe2 g5 49. Re8+ Kh7 50. Rf8 Kg6 51. Rg8+ Kf5 52. Rg7 Nh6 53. Rh7 Rh1 54. b4 f3 55. Bd4 g4 56. Rh8 g3 57. b5 g2 58. bxa6 Nf7 59. Rf8 Ke4 60. Bb6 1-0

[Event "Anapa op"]
[Site "Anapa"]
[Date "2009.09.01"]
[Round "2"]
[White "Besedin, Anatoly"]
[Black "Meshkov, Yuri A"]
[Result "0-1"]
[WhiteElo "2097"]
[BlackElo "2379"]
[PlyCount "97"]
[EventDate "2009.08.31"]
[EventType "swiss"]
[EventRounds "9"]
[EventCountry "RUS"]
[SourceTitle "CBM 132 Extra"]
[Source "ChessBase"]
[SourceDate "2009.11.03"]
[SourceVersion "1"]
[SourceVersionDate "2009.11.03"]
[SourceQuality "1"]

1. e4 c5 2. Nf3 g6 3. d4 cxd4 4. Nxd4 Bg7 5. Nc3 Nc6 6. Be3 Nf6 7. Be2 0-0 8. Qd2 d5 9. exd5 Nxd5 10. Nxd5 Qxd5 11. Bf3 Qc4 12. Be2 Qd5 13. Bf3 Qc4 14. Be2 Qb4 15. c3 Qa5 16. Nxc6 bxc6 17. 0-0 Rd8 18. Qc1 Be6 19. Bg5 Rd7 20. Re1 Rb8 21. b4 Qf5 22. g4 Qe4 23. f3 Qd5 24. Rd1 Qe5 25. Rxd7 Qxe2 26. Qd1 Qxd1+ 27. Rdxd1 Bxc3 28. Rac1 Bxb4 29. Rxc6 Bxa2 30. Rd7 f6 31. Be3 a5 32. Bc5 Re8 33. Ra7 Bd5 34. Rcc7 Bxc5+ 35. Rxc5 Bxf3 36. h3 Kf7 37. Kf2 Bd1 38. Rcxa5 Rd8 39. Rc5 Rd6 40. Rcc7 Re6 41. Rd7 Bc2 42. Rdc7 Be4 43. Rd7 g5 44. Rdc7 Bg6 45. Kf3 h5 46. gxh5 Bxh5+ 47. Kg3 Re3+ 48. Kg2 Re2+ 49. Kg3 0-1

[Event "Irkutsk Ermolaev Memorial 3rd"]
[Site "Irkutsk"]
[Date "2009.07.11"]
[Round "8"]
[White "Obolenskikh, Dmitry Aleksandrovi"]
[Black "Besedin, Anatoly"]
[Result "1-0"]
[WhiteElo "2419"]
[BlackElo "2097"]
[PlyCount "133"]
[EventDate "2009.07.04"]
[EventType "swiss"]
[EventRounds "9"]
[EventCountry "RUS"]
[SourceTitle "EXT 2012"]
[Source "ChessBase"]
[SourceDate "2011.11.24"]
[SourceVersion "1"]
[SourceVersionDate "2011.11.24"]
[SourceQuality "1"]

1. e4 c5 2. Nf3 d6 3. d4 cxd4 4. Nxd4 Nf6 5. f3 a6 6. c4 Nc6 7. Nc3 Bd7 8. Be3 e6 9. Be2 Be7 10. 0-0 0-0 11. Qd2 Rc8 12. Rac1 Qc7 13. Rfd1 Rfd8 14. Bf1 Nxd4 15. Bxd4 Bc6 16. Nd5 exd5 17. cxd5 Qd7 18. dxc6 Rxc6 19. Rxc6 Qxc6 20. Rc1 Qd7 21. Qc2 Ne8 22. Qb3 Bg5 23. Rc2 b5 24. Bf2 Rc8 25. Rxc8 Qxc8 26. a4 Nc7 27. axb5 axb5 28. Qa3 Bf6 29. Qxd6 Bxb2 30. Bb6 Ne6 31. Bxb5 Qc1+ 32. Bf1 g6 33. g3 Kg7 34. Qd3 Nc5 35. Qe2 Bd4+ 36. Kg2 Qc3 37. Bc7 Ne6 38. Bd6 Nc5 39. Bf4 Ne6 40. Bd2 Qa3 41. h3 Kf6 42. f4 Nc5 43. Kh2 Qb2 44. e5+ Kg7 45. Ba5 Qa1 46. Bd8 h5 47. Bf6+ Kh7 48. Qc4 Kg8 49. Qd5 Ne6 50. Qf3 Qb2+ 51. Bg2 Qc1 52. h4 Bg1+ 53. Kh1 Bf2+ 54. Kh2 Bg1+ 55. Kh1 Bf2+ 56. Kh2 Bg1+ 57. Kh3 Qc8 58. f5 gxf5 59. Qxh5 Ng7 60. Bxg7 Kxg7 61. Bd5 Qd7 62. Qg5+ Kf8 63. Qh6+ Ke7 64. Qf6+ Kf8 65. e6 Qc7 66. e7+ Ke8 67. Bxf7+ 1-0

[Event "Irkutsk-ch final op"]
[Site "Irkutsk"]
[Date "2008.10.08"]
[Round "5"]
[White "Besedin, Anatoly"]
[Black "Shigorov, Vitaly"]
[Result "1/2-1/2"]
[WhiteElo "2090"]
[BlackElo "1893"]
[PlyCount "142"]
[EventDate "2008.09.30"]
[EventType "swiss"]
[EventRounds "9"]
[EventCountry "RUS"]
[SourceTitle "EXT 2022"]
[Source "ChessBase"]
[SourceDate "2021.10.06"]
[SourceVersion "1"]
[SourceVersionDate "2021.10.06"]
[SourceQuality "1"]

1. e4 e5 2. Nf3 Nc6 3. Bb5 a6 4. Ba4 d6 5. c4 Nf6 6. Nc3 Be7 7. d4 0-0 8. Bxc6 bxc6 9. dxe5 dxe5 10. Qxd8 Rxd8 11. Nxe5 Bb4 12. Nxc6 Bxc3+ 13. bxc3 Rd3 14. f3 Rxc3 15. Ne5 Rc2 16. Bd2 Rb8 17. Ke2 Rbb2 18. Rhd1 Be6 19. Rab1 Kf8 20. Rxb2 Rxb2 21. a4 Nd7 22. Nxd7+ Bxd7 23. a5 Ke7 24. Kd3 Kd6 25. Ra1 Rb3+ 26. Kc2 Rb8 27. Kc3 f6 28. Bf4+ Kc6 29. Rd1 Be6 30. h4 Rf8 31. g4 Kb7 32. Bh2 Kc6 33. Bg3 Kb7 34. Rd3 Kc6 35. g5 f5 36. Be5 g6 37. Bf6 Re8 38. Kd4 Bd7 39. Rb3 Be6 40. Rb2 Bd7 41. h5 fxe4 42. hxg6 hxg6 43. fxe4 Bg4 44. Rh2 Bf3 45. Rh4 Bh5 46. Rf4 Rf8 47. Rh4 Re8 48. e5 Re6 49. Rh2 Re8 50. Rf2 Bg4 51. Rf4 Bf5 52. Rh4 Rb8 53. Rh7 Rb3 54. e6 Rd3+ 55. Ke5 Re3+ 56. Kf4 Rxe6 57. Be5 Kc5 58. Rxc7+ Rc6 59. Rf7 Bd3 60. Bc7 Bxc4 61. Bb6+ Kb5 62. Re7 Re6 63. Rc7 Kb4 64. Rb7 Ka4 65. Bc5 Bb5 66. Rb6 Rxb6 67. axb6 Bc6 68. Ke5 Kb5 69. Kd6 a5 70. Bd4 Be4 71. Kc7 Ka6 1/2-1/2

[Event "Irkutsk-ch final op"]
[Site "Irkutsk"]
[Date "2008.10.04"]
[Round "3"]
[White "Kiselyov, Sergei"]
[Black "Besedin, Anatoly"]
[Result "1-0"]
[WhiteElo "2120"]
[BlackElo "2090"]
[PlyCount "119"]
[EventDate "2008.09.30"]
[EventType "swiss"]
[EventRounds "9"]
[EventCountry "RUS"]
[SourceTitle "EXT 2022"]
[Source "ChessBase"]
[SourceDate "2021.10.06"]
[SourceVersion "1"]
[SourceVersionDate "2021.10.06"]
[SourceQuality "1"]

1. e4 e5 2. Nc3 Nf6 3. f4 d6 4. Nf3 exf4 5. d4 Nh5 6. Bd3 Be7 7. 0-0 0-0 8. Nd5 Bg4 9. Nxf4 Nc6 10. Ne2 f5 11. exf5 Qd7 12. c3 Bxf5 13. Bxf5 Qxf5 14. Qb3+ Kh8 15. Qxb7 Qe4 16. Qa6 Rf5 17. Ng3 Nxg3 18. hxg3 Bf6 19. Bf4 g5 20. Rae1 Qd5 21. Be3 Ne7 22. c4 Qe4 23. Bxg5 Qc6 24. Bxf6+ Rxf6 25. Qxc6 Nxc6 26. d5 Nb4 27. Re3 Raf8 28. a3 Nc2 29. Re4 Rg6 30. Rf2 Nxa3 31. bxa3 Rxg3 32. Re7 Rg7 33. Rxg7 Kxg7 34. Nd4 Rb8 35. Ne6+ Kg6 36. Rf4 Rb7 37. Kf2 h5 38. Kg3 a6 39. Rf3 a5 40. Kf4 Rb2 41. Rg3+ Kf6 42. Ke4 h4 43. Rg8 Rc2 44. Kd4 Ra2 45. Nxc7 Ke7 46. Nb5 Rd2+ 47. Kc3 Re2 48. Rg4 Kd7 49. Rxh4 Rxg2 50. Kb3 Rg7 51. Ka4 Rf7 52. Rh6 Rf3 53. Rxd6+ Kc8 54. Kxa5 Kb7 55. Rd7+ Kc8 56. Rc7+ Kb8 57. Kb6 Rf8 58. Na7 Ka8 59. Nc6 Rf7 60. Rc8# 1-0

[Event "Anapa op"]
[Site "Anapa"]
[Date "2008.09.06"]
[Round "7"]
[White "Besedin, Anatoly"]
[Black "Nersesian, Vagram Arshakovich"]
[Result "1/2-1/2"]
[WhiteElo "2090"]
[BlackElo "1986"]
[PlyCount "25"]
[EventDate "2008.08.31"]
[EventType "swiss"]
[EventRounds "9"]
[EventCountry "RUS"]
[SourceTitle "EXT 2010"]
[Source "ChessBase"]
[SourceDate "2010.11.25"]
[SourceVersion "1"]
[SourceVersionDate "2010.11.25"]
[SourceQuality "1"]

1. e4 d6 2. d4 g6 3. Nc3 Bg7 4. f4 Nd7 5. Nf3 c5 6. Be3 b6 7. Bc4 Bb7 8. Bxf7+ Kxf7 9. Ng5+ Ke8 10. Ne6 Qc8 11. Nxg7+ Kf7 12. Nf5 gxf5 13. Qh5+ 1/2-1/2